LEADER 00912naa a2200217 u 4500 001 000000096054 003 CaOOAMICUS 005 20070226130144.0 008 040716s1982 it u000 u eng u 020 $a8800851398 (v. 2) 035 $a11004709 040 $aIAR$bita 100 1 $aCodevilla, Giovanni.$0(OLS)http://pul/name/769 245 14$aThe limits of religious freedom in the USSR /$cGiovanni Codevilla. 260 $aFlorence :$bLe Monnier,$c1982. 300 $av.2, S. 863-876, ;$c21 cm 773 0 $aThe common Christian roots of the European nations.$gv. 2. 773 0 $tThe Common Christian roots of the European nations : an international colloquium in the Vatican$w()5837 996 $6020$a8800851398 (v. 2)$9(OLS)http://pul/number/125467 996 $6245$aThe limits of religious freedom in the USSR$9(OLS)http://pul/title/122930 996 $6260$aFlorence :$bLe Monnier$9(OLS)http://pul/publisher/51024 LEADER 00911nam a2200229 u 4500 001 000000106802 003 CaOOAMICUS 005 20070910110341.0 008 070910s1998 it u000 u ita u 040 $aPUL$bita$dLDB 100 1 $aTábet, Michelangelo.$0(OLS)http://pul/name/24400 245 10$aIntroduzione generale alla Bibbia /$cMichelangelo Tábet. 260 $aCinisello Balsamo :$bSan Paolo,$c1998. 300 $a415 p. ;$c23 cm 500 $aContiene indici. 504 $aBibliografia generale : p. 377-384. 630 04$aBiblia$xIntroduzioni.$0(OLS)http://pul/subject/1614 850 $aPUL 852 $aPUL$W1$xSL Religione 1$y3$m1 B 67$j120857$qStampati$B120034$CPULBib$Z2$F120034 $H77841 $82 941 1 $a8 996 $6245$aIntroduzione generale alla Bibbia$9(OLS)http://pul/title/65314 996 $6260$aCinisello Balsamo :$bSan Paolo$9(OLS)http://pul/publisher/54577